The basic ecclesial community (Record no. 126017)
[ view plain ]
| 000 -LEADER | |
|---|---|
| fixed length control field | 00463nam a22001337a 4500 |
| 005 - DATE AND TIME OF LATEST TRANSACTION | |
| control field | 20170127143509.0 |
| 008 - FIXED-LENGTH DATA ELEMENTS--GENERAL INFORMATION | |
| fixed length control field | 170127b xxu||||| |||| 00| 0 eng d |
| 050 ## - LIBRARY OF CONGRESS CALL NUMBER | |
| Classification number | BX1802.C576 1993 |
| 100 ## - MAIN ENTRY--PERSONAL NAME | |
| Personal name | Claver, Francisco |
| 9 (RLIN) | 28494 |
| 245 ## - TITLE STATEMENT | |
| Title | The basic ecclesial community |
| Remainder of title | vehicle par excellence for inculturation |
| Statement of responsibility, etc | by Claver, Francisco |
| 260 ## - PUBLICATION, DISTRIBUTION, ETC. (IMPRINT) | |
| Place of publication, distribution, etc | St. Louis, MO. |
| Name of publisher, distributor, etc | The Institute of Jesuit Sources |
| Date of publication, distribution, etc | 1993 |
| 300 ## - PHYSICAL DESCRIPTION | |
| Extent | x, 85p.; |
| Dimensions | 23cm. |
| 942 ## - ADDED ENTRY ELEMENTS (KOHA) | |
| Source of classification or shelving scheme | Library of Congress Classification |
| Item type | Monograph ( Printed materials) |
| Withdrawn status | Lost status | Source of classification or shelving scheme | Damaged status | Not for loan | Collection code | Home library | Current library | Shelving location | Date acquired | Total Checkouts | Full call number | Barcode | Date last seen | Price effective from | Koha item type |
|---|---|---|---|---|---|---|---|---|---|---|---|---|---|---|---|
| Library of Congress Classification | Main Collection | ARRUPE LIBRARY | ARRUPE LIBRARY | Main Collection | 27/01/2017 | BX1802.C576 1993 | 46500022944 | 22/11/2017 | 27/01/2017 | Monograph ( Printed materials) |